| 000 | 00458nab a2200145Ia 4500 | ||
|---|---|---|---|
| 003 | ES-SlBCS | ||
| 005 | 20210601125223.0 | ||
| 008 | 140529s1968 xxu||||| |||| 00| 0 eng d | ||
| 041 | _aeng | ||
| 100 | 1 |
_aCarter, Robert Edgar _9155542 |
|
| 245 | 0 | 4 |
_aThe Importance of Intrinsic Value _c Robert Edgar Carter |
| 650 | 0 | 4 |
_aValores Intrínsecos _9155543 |
| 773 | 0 |
_tPhilosophy and Phenomenological Research _gvol. 28, 1968, págs. 567-577 _wRev1411 |
|
| 942 | _cAR | ||
| 999 |
_c526726 _d526726 |
||